000 00806na a2200241 4500
001 13754
003 MIRAKIL
005 20181213154914.0
008 170119b tu 000 0
035 _a13754
040 _aMilas
_btur
_cTR-AnCHP
082 _aATA 923.156
_bA52a 1959
090 _aATA 923.156 A52a 1959
100 _aİnan, Afet
245 _aAtatürk hakkında hatıralar ve belgeler
_cAyşe Afetinan
260 _aAnkara
_bTürk Tarih Kurumu
_c1959
300 _axii, 312 s.
_c24 sm.
600 _aAtatürk, Mustafa Kemal
_dAnılar
_xYükseköğretim
600 _aAtatürk, Mustafa Kemal
_d1881-1938
_xAnılar
_xTürk Tarih Kurumu
600 _aAtatürk, Mustafa Kemal
_d1881-1938
_xAnılar
_xTürk Dil Kurumu
600 _aAtatürk, Mustafa Kemal
_d1881-1938
_xAnılar
942 _2ddc
_cBKS
999 _c2924
_d2924